000 00309nam a22001337a 4500
003 SGT
082 _a515.353 PUN
100 _aPUNDIR,SUDHIR K
245 _aADVANCED PARTIAL DIFFERENTIAL EQUATION
260 _aMEERUT
_bPRAGATI PRAKASHAN
_c2015
300 _a676
650 _aMATHEMATICS
942 _2ddc
_cFPS
999 _c10027
_d10027